Sums of independent random variables

Uloženo v:
Podrobná bibliografie
Hlavní autor: Petrov, Valentin Vladimirovich (Autor)
Médium: Kniha
Jazyk:angličtina
Vydáno: Berlín Springer-Verlag 1975
Edice:Ergebnisse der Mathematik und ihrer Grenzgebiete, 82
Témata:
Tagy: Přidat tag
Žádné tagy, Buďte první, kdo vytvoří štítek k tomuto záznamu!

MARC

LEADER 00000nam a2200000 a 4500
001 UCP0834
003 CL-VaPUC
008 990319e19750000GW |||||||||||||||||eng|d
082 0 4 |a 519.2  |b PET  |2 21 
100 0 |a Petrov, Valentin Vladimirovich  |e author  |9 426424 
245 1 0 |a Sums of independent random variables 
300 |a 345 p 
942 |c BK 
945 |d 19990319 00:00:00  |a crobeson 
260 |a Berlín  |b Springer-Verlag  |c 1975 
650 0 |a Teoría de probabilidades   |9 336944 
650 0 |a Procesos estocásticos   |9 260364 
650 7 |a PROCESOS ALEATORIOS  |2 CL-VaPUC  |9 426425 
650 7 |a SUMABILIDAD  |2 CL-VaPUC  |9 425426 
650 7 |a DISTRIBUCION  |2 CL-VaPUC  |9 263761 
583 |a last modification  |c 19990319 00:00:00  |k Rodrigo Vera 
490 0 |a Ergebnisse der Mathematik und ihrer Grenzgebiete, 82 
999 |c 279576  |d 279574 
952 |0 0  |1 0  |4 0  |6 519_200000000000000_PET_1975  |7 0  |8 A  |9 319148  |a BIBGIM  |b BIBGIM  |d 2019-11-20  |i 1330969  |o 519.2 PET 1975  |p 1330969  |r 2025-01-15  |w 2019-11-20  |y BK  |k EST